=LDR 00000nam 2200000 4500 =001 INLIS000000000043312 =005 20131008103049 =008 ***********************************ind** =035 ##$$0010-101300000001234 =041 ##$$a ind =082 ##$$a 658.262 =090 ##$$a 658.262, Cha p =100 ##$$a CHANG, MK Peter =245 ##$$a Pengendalian mutu terpadu untuk industri tekstil dan konfeksi, Peter Chang MK =260 ##$$a 2003 $b Jakarta =300 ##$$a xii, 488 hlm, ilus, 23 cm =650 ##$$a Pengawasan Produksi =850 ##$$a NBPNMAT =990 ##$$a 0001/BPAP-NTB/2016